Statistiques concernant nekfeu de A à Z

Cliquez ici pour prendre le quiz!

Statistiques générales

  • Ce quiz a été pris 779 fois
  • Le résultat moyen est 8 sur 20

Statistiques - réponses

HintRéponse% Correct
EÉgérie | Énergie sombre | Elle pleut | Être humain | Elle en avait envie
73%
OOn verra | O.D | Oui et non
71%
MMa dope | Mauvaise graine | Martin Eden | Mon âme | Menteur menteur
61%
GGalatée
60%
A
Alunissons | Avant tu riais | A la base
58%
LLe regard des gens | La moue des morts | Laisse aller | Le horla | La ballade du Frémont | Les bruits de ma ville | Les étoiles vagabondes | L'air du temps | Le bruit qui court
51%
RRéalité augmentée | Reuf | Risibles amours | Rêve d'avoir des rêves
51%
SSaturne | Squa | Sous les nuages
50%
NNekketsu | Nique les clones | Nek le fennek | Natsukashii | Nouvel homme
48%
KKoala mouillé | Ken kaneki
46%
TTempête | Tokotsubo | Tricheur
45%
HHumanoïde
43%
CCiel noir | Chanson d'amour | CDGLAXJFKHNDATH | Comptes les hommes | Cheum
41%
D
De mes cendres | Deux-trois | De mon mieux | Dernier soupir | Dans l'univers
41%
PPremier pas | Programmé | Princesses | Point d’interrogation | Plume | Pixels
40%
VVinyle | Voyage léger
29%
JJeux vidéo et débats | Jeux d'ombres
12%
IInterlude fifty
7%
QQuestion d'honneur
6%
BBesoins de sens
4%

Distribution des résultats

Percentile par nombre de réponses

% des personnes avec chaque résultat

Votre développement - résultats

Vous n’avez pas pris ce quiz